000 01160cam a22003854i 4500
003 PE-LiUPU
005 20250731173301.0
008 150625s a r 000 0 eng d
035 _a(Sirsi) a36061
040 _aPE-LiUPU
_bspa
_cPE-LiUPU
_erda
082 0 4 _a220.927
_bS231
_223
130 _aBiblia.
_lArabe.
_f1949.
245 1 4 _a[La Santa Biblia] :
_b[Libros del Antiguo y Nuevo testamento] /
_c[Imprenta Dar Al-Kashaf], traducido de los idiomas originales Hebreo Caldeo y Griego.
264 1 _a[Beirut] :
_b[Imprenta Dar Al-Kashaf],
_c[1949].
300 _a1930 páginas :
_bilustraciones, mapas a color ;
_c26 centímetros
336 _atext
_2rdacontent
337 _aunmediated
_2rdamedia
338 _avolume
_2rdacarrier
505 0 _aBiblia en escritura árabe.
526 _aSEG42
526 _aSEG41
526 _aSEG40
526 _aSEG39
526 _aP94
526 _aP87
526 _aP86
526 _aP85
526 _aP77
526 _aP76
526 _aP35
630 _aBiblia.
_lArabe
_f1949.
942 _2ddc
_cBK
980 _81
_gALBERTO SANCHEZ Responsable de Automatización
999 _c44093
_d44093